000 00950nam a2200241 i 4500
003 IT-RoINE
005 20201028102056.0
008 910909s1990 sp a r |||| ||spa d
020 _a8460073858
040 _aSpMaBN
_bspa
_cSpMaBN IT-RoINE
_erdc
_dIT-RoINE
100 1 _965268
_aHerrero Fernández-Quesada, María Dolores
245 1 3 _aLa enseñanza militar ilustrada :
_bel Real Colegio de Artillería de Segovia /
_cMaría Dolores Herrero Fernández-Quesada.
260 _aSegovia :
_bAcademia de Artillería,
_c1990.
300 _a249 p. :
_bil. ;
_c22 cm.
336 _2rdacontent
_atext
337 _2rdamedia
_aunmediated
338 _2rdacarrier
_avolume
490 1 _aBiblioteca de ciencia y artillería.
_aEstudios ;
_v2
504 _aBibliografía: p. [233]-249.
610 2 4 _912762
_aAcademia de Artillería (Segovia, España)
_xHistoria
_ySiglo 18o.
830 0 _aBiblioteca de ciencia y artillería.
_pEstudios ;
_965270
_v2
942 _cMTS
999 _c33153
_d33153